[Event "II liga SSCS 2015- zapad"]
[Site "Ravni Gaj"]
[Date "2015.10.08"]
[Round "6.5"]
[White "Matovic, Petar"]
[Black "Bojic, Zoran"]
[Result "1-0"]
[WhiteElo "2165"]
[BlackElo "2104"]
[PlyCount "65"]
[EventDate "2015.09.04"]

1. d4 Nf6 2. Nf3 e6 3. Bf4 c5 4. c3 b6 5. e3 Bb7 6. Nbd2 Be7 7. h3 O-O 8. Bd3
d6 9. O-O Nbd7 10. Qe2 Re8 11. e4 Nf8 12. a4 Ng6 13. Bh2 a5 14. Bb5 Rf8 15.
Rfd1 Rc8 16. e5 Nd5 17. Nc4 Ndf4 18. Bxf4 Nxf4 19. Qe3 Bg5 20. Nxg5 Qxg5 21. g3
Nxh3+ 22. Kf1 Qh5 23. Nxd6 Ng1 24. Nxb7 Qh1 25. Nd6 cxd4 26. Qe4 Nf3+ 27. Ke2
Qh5 28. g4 Qg5 29. Nxc8 Nxe5 30. Ne7+ Kh8 31. Rh1 g6 32. Qxd4 f6 33. Nc6 1-0

[Event "II liga SSCS 2015- zapad"]
[Site "Ravni Gaj"]
[Date "2015.10.08"]
[Round "6.5"]
[White "Stojanovic, Dusko"]
[Black "Markovic, Aleksandar"]
[Result "1/2-1/2"]
[WhiteElo "1977"]
[BlackElo "2200"]
[PlyCount "69"]
[EventDate "2015.09.04"]

1. e4 c5 2. Nf3 d6 3. d4 cxd4 4. Nxd4 Nf6 5. Nc3 g6 6. Be2 Bg7 7. O-O O-O 8.
Be3 Nc6 9. a4 Bd7 10. h3 Rc8 11. Nb3 Be6 12. f4 Bxb3 13. cxb3 Qa5 14. Rc1 a6
15. Qd2 Qb4 16. Bc4 Na5 17. Nd5 Nxd5 18. Bxd5 Qxd2 19. Bxd2 Nc6 20. Rc2 e6 21.
Bxc6 Rxc6 22. Rxc6 bxc6 23. Rc1 c5 24. e5 dxe5 25. Rxc5 exf4 26. Ra5 Bd4+ 27.
Kf1 e5 28. Rxa6 Rc8 29. Bc3 Bxc3 30. bxc3 Rxc3 31. b4 e4 32. b5 Rc1+ 33. Ke2
Rc2+ 34. Kf1 Rc1+ 35. Ke2 1/2-1/2

[Event "II liga SSCS 2015- zapad"]
[Site "Ravni Gaj"]
[Date "2015.10.08"]
[Round "6.5"]
[White "Roljevic, Djordje"]
[Black "Zivanovic, Bojan"]
[Result "1-0"]
[WhiteElo "2090"]
[BlackElo "2070"]
[PlyCount "85"]
[EventDate "2015.09.04"]

1. d4 Nf6 2. Nf3 d5 3. c4 c6 4. Qc2 g6 5. Bf4 Bg7 6. e3 O-O 7. Nc3 Na6 8. Qb3
Qa5 9. Be5 Qb4 10. Qxb4 Nxb4 11. Rc1 dxc4 12. Bxc4 Bg4 13. Ke2 Rac8 14. Bxf6
Bxf6 15. a3 Na6 16. Bxa6 bxa6 17. Ne4 Bg7 18. Rc5 Rb8 19. b4 Be6 20. Ned2 Rb5
21. Rxc6 a5 22. Rc5 Rxc5 23. bxc5 Bd7 24. Rb1 Bc6 25. Nc4 a4 26. Rb4 a6 27. Nb2
f6 28. Rb6 Bb5+ 29. Kd2 e5 30. Nd1 Rd8 31. Nc3 exd4 32. exd4 Bf1 33. c6 Bh6+
34. Kc2 Bf4 35. g3 Bd6 36. Nd5 Bg2 37. Nxf6+ Kf7 38. Ne1 Bh3 39. Nd5 Be6 40.
Rb7+ Kf8 41. Nb6 Bxa3 42. c7 Rc8 43. Rb8 1-0

[Event "II liga SSCS 2015- zapad"]
[Site "Ravni Gaj"]
[Date "2015.10.08"]
[Round "6.5"]
[White "Milanovic, Predrag"]
[Black "Andjelic, Stevan"]
[Result "1/2-1/2"]
[WhiteElo "2145"]
[BlackElo "2112"]
[PlyCount "37"]
[EventDate "2015.09.04"]

1. d4 d5 2. Nf3 Nf6 3. e3 Bg4 4. c4 e6 5. Nbd2 Nbd7 6. a3 g6 7. b4 Bd6 8. Bb2
O-O 9. Qc2 Bf5 10. Bd3 Bxd3 11. Qxd3 Re8 12. O-O e5 13. dxe5 Nxe5 14. Nxe5 Bxe5
15. Bxe5 Rxe5 16. Nf3 Re8 17. h3 dxc4 18. Qxc4 Qe7 19. Rfd1 1/2-1/2

[Event "II liga SSCS 2015- zapad"]
[Site "Ravni Gaj"]
[Date "2015.10.08"]
[Round "6.5"]
[White "Kozaicevski, Fedja"]
[Black "Stevanovic, Milos"]
[Result "0-1"]
[WhiteElo "1965"]
[BlackElo "1630"]
[PlyCount "124"]
[EventDate "2015.09.04"]

1. e4 c5 2. Nf3 a6 3. Nc3 b5 4. d4 cxd4 5. Nxd4 Bb7 6. f3 g6 7. Be3 Bg7 8. Qd2
Nc6 9. Nd5 Nxd4 10. Bxd4 Bxd4 11. Qxd4 f6 12. Nb6 Rb8 13. O-O-O Bc6 14. Nd5 Nh6
15. g4 Nf7 16. h4 h5 17. Qe3 Bxd5 18. exd5 Qc7 19. Bd3 Ne5 20. d6 Qb6 21. Qe2
Kf7 22. gxh5 Rxh5 23. f4 Nxd3+ 24. Rxd3 e6 25. Qd2 Rc8 26. b3 b4 27. Rhh3 Rhc5
28. Rh2 Rc3 29. Kb2 R8c5 30. Qe2 Qa5 31. Rhh3 Qa3+ 32. Kb1 Ra5 33. Rxc3 bxc3
34. Rxc3 Qxa2+ 35. Kc1 Qa3+ 36. Kd1 Qxd6+ 37. Rd3 Ra1+ 38. Kd2 Qb4+ 39. Rc3
Qxf4+ 40. Re3 Qxh4 41. Qd3 Qb4+ 42. Ke2 Qe1+ 43. Kf3 Qf1+ 44. Ke4 Rd1 45. Qxf1
Rxf1 46. Kd4 d5 47. Kc5 Rc1 48. c3 Ke7 49. Rh3 f5 50. c4 dxc4 51. bxc4 f4 52.
Ra3 g5 53. Rxa6 f3 54. Ra7+ Kf6 55. Ra3 g4 56. Ra8 Ke5 57. Rf8 Rc2 58. Kb4 Ke4
59. Kb3 Rc1 60. Rf6 e5 61. Kb4 g3 62. c5 g2 0-1

[Event "II liga SSCS 2015- zapad"]
[Site "Ravni Gaj"]
[Date "2015.10.08"]
[Round "6.6"]
[White "Nestorovic, Lazar"]
[Black "Savicevic, Vlatko"]
[Result "1/2-1/2"]
[WhiteElo "2333"]
[BlackElo "2320"]
[PlyCount "52"]
[EventDate "2015.09.04"]

1. e4 d6 2. d4 g6 3. Nc3 Bg7 4. Bg5 a6 5. Qd2 b5 6. O-O-O Bb7 7. f4 b4 8. Nd5
a5 9. Nf3 Nd7 10. Bd3 Ngf6 11. Nxf6+ exf6 12. Bh4 O-O 13. Kb1 Re8 14. Rhe1 Qc8
15. f5 Ba6 16. g4 c5 17. Bxa6 Rxa6 18. g5 cxd4 19. Nxd4 Qb7 20. Qf2 fxg5 21.
Bxg5 Nc5 22. f6 Bf8 23. Qh4 Rxe4 24. Qh3 d5 25. Nf5 h5 26. Rg1 Qd7 1/2-1/2

[Event "II liga SSCS 2015- zapad"]
[Site "Ravni Gaj"]
[Date "2015.10.08"]
[Round "6.6"]
[White "Simic, Dragisa"]
[Black "Misic, Dragan"]
[Result "0-1"]
[WhiteElo "2309"]
[BlackElo "2250"]
[PlyCount "80"]
[EventDate "2015.09.04"]

1. e4 c6 2. d4 d5 3. e5 Bf5 4. Nf3 e6 5. Be2 c5 6. Be3 Nd7 7. O-O Ne7 8. dxc5
Nc6 9. c4 dxc4 10. Qa4 Bxc5 11. Bxc5 Nxc5 12. Qxc4 Qb6 13. Nc3 O-O 14. Rad1
Rad8 15. a3 Nd7 16. Na4 Qa5 17. Qb5 Qxb5 18. Bxb5 Ndxe5 19. Nxe5 Nxe5 20. Nc5
b6 21. Nb7 Rd5 22. Nd6 Bd3 23. Bxd3 Nxd3 24. Nc4 Rfd8 25. Rd2 Ne5 26. Rxd5 Rxd5
27. Nxe5 Rxe5 28. f4 Re2 29. Rc1 g6 30. b4 Re3 31. Ra1 Re4 32. g3 Re2 33. b5
Rb2 34. a4 Kg7 35. h3 Kf6 36. Ra3 h5 37. Kh1 h4 38. gxh4 Rb4 39. Kg2 Rxf4 40.
a5 Rb4 0-1

[Event "II liga SSCS 2015- zapad"]
[Site "Ravni Gaj"]
[Date "2015.10.08"]
[Round "6.6"]
[White "Stojanovic, Dobrisav"]
[Black "Biljanic, Ljubomir"]
[Result "1-0"]
[WhiteElo "2298"]
[BlackElo "2230"]
[PlyCount "53"]
[EventDate "2015.09.04"]

1. d4 Nf6 2. c4 e6 3. Nf3 b6 4. g3 Ba6 5. Qc2 Bb4+ 6. Bd2 Bxd2+ 7. Nbxd2 c5 8.
Bg2 Nc6 9. dxc5 bxc5 10. O-O Rb8 11. Rfd1 Qc7 12. b3 Bb7 13. h3 O-O 14. e3 Rfd8
15. Qc3 d6 16. g4 Ne7 17. Rac1 Ng6 18. Bf1 Rbc8 19. Bd3 Qc6 20. Kf1 d5 21. cxd5
Nxd5 22. Qc4 Nxe3+ 23. fxe3 Ne5 24. Be4 Nxc4 25. Bxc6 Nxd2+ 26. Rxd2 Rxd2 27.
Bxb7 1-0

[Event "II liga SSCS 2015- zapad"]
[Site "Ravni Gaj"]
[Date "2015.10.08"]
[Round "6.6"]
[White "Djosic, Slavoljub"]
[Black "Zivkovic, Dejan"]
[Result "1/2-1/2"]
[WhiteElo "2281"]
[BlackElo "2291"]
[PlyCount "31"]
[EventDate "2015.09.04"]

1. b3 d5 2. Bb2 c5 3. e3 Nc6 4. Nf3 Nf6 5. g3 Bg4 6. Bg2 e6 7. d3 Be7 8. Nbd2
a5 9. a4 h6 10. O-O Qc7 11. Qe1 O-O 12. Nh4 Nd7 13. f4 Nb4 14. Rc1 Na2 15. Ra1
Nb4 16. Rc1 1/2-1/2

[Event "II liga SSCS 2015- zapad"]
[Site "Ravni Gaj"]
[Date "2015.10.08"]
[Round "6.6"]
[White "Ignjatovic, Predrag"]
[Black "Rajevic, Gavrilo"]
[Result "1-0"]
[WhiteElo "2263"]
[BlackElo "2264"]
[PlyCount "79"]
[EventDate "2015.09.04"]

1. e4 c5 2. Nc3 Nc6 3. g3 g6 4. Bg2 Bg7 5. Nge2 d6 6. d3 e6 7. Be3 Nd4 8. Qd2
Rb8 9. Nd1 b5 10. Nc1 b4 11. O-O Ne7 12. c3 bxc3 13. bxc3 Ndc6 14. Bh6 O-O 15.
Bxg7 Kxg7 16. Ne3 e5 17. Ne2 Ba6 18. f4 f6 19. Rf2 Qb6 20. Rc1 Qb2 21. Rc2 Qa3
22. h3 Rb1+ 23. Kh2 Rfb8 24. Ng1 c4 25. dxc4 exf4 26. Rxf4 Ne5 27. Ne2 Bxc4 28.
Nd4 Bf7 29. Nd5 Nxd5 30. exd5 Qc5 31. Rf2 Re8 32. Qf4 f5 33. Qg5 Kf8 34. Qf6
Kg8 35. Ne6 Bxe6 36. dxe6 Re1 37. Rb2 Rf8 38. Qh4 Rc8 39. Rb7 Rc7 40. Qd8+ 1-0

[Event "II liga SSCS 2015- zapad"]
[Site "Ravni Gaj"]
[Date "2015.10.08"]
[Round "6.6"]
[White "Adzic, Momcilo"]
[Black "Savic, Dragan"]
[Result "1-0"]
[WhiteElo "2232"]
[BlackElo "2116"]
[PlyCount "89"]
[EventDate "2015.09.04"]

1. e4 e6 2. d4 d5 3. Nd2 Nf6 4. e5 Nfd7 5. Bd3 c5 6. c3 Nc6 7. Ne2 Qa5 8. O-O
b5 9. Nf3 b4 10. Bd2 Ba6 11. cxb4 cxb4 12. Bc2 Qb6 13. Be3 g6 14. Re1 Bxe2 15.
Qxe2 Bg7 16. Rec1 O-O 17. h4 f5 18. Qd2 Rfc8 19. h5 Rc7 20. hxg6 hxg6 21. g3
Nf8 22. Kg2 a5 23. Ba4 Rac8 24. Rh1 Qa6 25. Rac1 Nb8 26. Bh6 Rxc1 27. Rxc1 Rxc1
28. Qxc1 Qb7 29. Bxg7 Kxg7 30. Qg5 Nc6 31. Nh4 Nxd4 32. Be8 Nc6 33. Qf6+ Kg8
34. Nxg6 Nxg6 35. Qxe6+ Kf8 36. Bxc6 Qf7 37. Qxf7+ Kxf7 38. Bxd5+ Kg7 39. f4
Ne7 40. Bb7 Kf7 41. Kf2 Ke6 42. Ke3 Kd7 43. Kd4 Kc7 44. Bf3 Kb6 45. e6 1-0

[Event "II liga SSCS 2015- zapad"]
[Site "Ravni Gaj"]
[Date "2015.10.08"]
[Round "6.6"]
[White "Kojic, Djordje"]
[Black "Dikic, Veljko"]
[Result "1-0"]
[WhiteElo "1915"]
[BlackElo "1959"]
[PlyCount "57"]
[EventDate "2015.09.04"]

1. d4 d5 2. c4 c6 3. Nf3 Nf6 4. Nc3 dxc4 5. a4 Bg4 6. Ne5 Bh5 7. Nxc4 e6 8. Bg5
Be7 9. Qb3 b6 10. e3 O-O 11. Bd3 Nbd7 12. Be2 Bxe2 13. Nxe2 c5 14. O-O cxd4 15.
Nxd4 Nc5 16. Qb5 Rc8 17. Nc6 Qe8 18. Nxe7+ Qxe7 19. a5 bxa5 20. Nxa5 a6 21. Qe2
Rfd8 22. Rfd1 Rxd1+ 23. Rxd1 h6 24. Bxf6 Qxf6 25. b4 Ne4 26. f3 Nc3 27. Qxa6
Rd8 28. Rc1 Rd2 29. Qc8+ 1-0